Prichádza zlomový okamih pre kryptomeny?

Celosvetovo najznámejšia a najväčšia burza na nákup kryptomien Coinbase plánuje vstúpiť na americkú burzu. Je abnormálny záujem o akcie Coinbase, ktorá zvolila priamy predaj akciií na burze. Ak dôjde k úspešnému zalistovaniu Coinbase na burze, americký regulátor, ako aj vláda nepriamo prizná, že sc...

Descripción completa

Guardado en:
Detalles Bibliográficos
Formato: Capítulo de libro
Lenguaje:eslovaco
Materias:
Etiquetas: Agregar Etiqueta
Sin Etiquetas, Sea el primero en etiquetar este registro!

MARC

LEADER 00000naa a2200000 4500
001 0273961
005 20210819094218.6
041 0 |a slo 
044 |a SK 
245 1 0 |a Prichádza zlomový okamih pre kryptomeny? 
520 |a Celosvetovo najznámejšia a najväčšia burza na nákup kryptomien Coinbase plánuje vstúpiť na americkú burzu. Je abnormálny záujem o akcie Coinbase, ktorá zvolila priamy predaj akciií na burze. Ak dôjde k úspešnému zalistovaniu Coinbase na burze, americký regulátor, ako aj vláda nepriamo prizná, že schvaľuje kryptomeny ako relevantného hráča na trhu. Pred pár rokmi boli kryptomeny synonymom pre podvod. 
610 2 0 |a mena virtuálna 
610 2 0 |a burzy 
610 2 0 |a akcie 
610 2 0 |a predaj